[Event "III. CLANSKA LIGA ZAHOD 2017"]
[Site "Komenda"]
[Date "2017.11.11"]
[Round "2.1"]
[White "Sivic, Klemen"]
[Black "Prestrl, Jozef"]
[Result "1-0"]
[WhiteElo "2058"]
[BlackElo "1892"]
[PlyCount "79"]
[EventDate "2017.11.11"]
[WhiteTeam "SK TRZIN"]
[BlackTeam "SD RADOVLJICA"]

1. d4 d5 2. c4 c6 3. Nf3 g6 4. Nc3 Nf6 5. Bf4 Bg7 6. cxd5 cxd5 7. Bxb8 Rxb8 8.
Qa4+ Bd7 9. Qxa7 O-O 10. e3 e6 11. Bd3 Re8 12. Qa3 Bf8 13. b4 Qb6 14. Rb1 Ra8
15. Qb2 Rec8 16. a3 Bd6 17. O-O Ra7 18. Ra1 Rca8 19. Rfb1 Kg7 20. Qb3 Ng8 21.
a4 Qd8 22. Bb5 Ne7 23. Bxd7 Qxd7 24. Nb5 Ra6 25. Nxd6 Rxd6 26. Ne5 Qd8 27. Rc1
f6 28. Nd3 Nc6 29. Nc5 Qb8 30. a5 b6 31. axb6 Rxa1 32. Rxa1 Qxb6 33. b5 Na5 34.
Qb4 Nc4 35. Ra6 Qb8 36. Nxe6+ Kh6 37. Rxd6 Qxd6 38. Qxd6 Nxd6 39. b6 Nb7 40.
Nf4 1-0

[Event "III. CLANSKA LIGA ZAHOD 2017"]
[Site "Komenda"]
[Date "2017.11.11"]
[Round "2.2"]
[White "Buha, Drago"]
[Black "Rojs, Igor"]
[Result "0-1"]
[WhiteElo "1958"]
[BlackElo "1998"]
[PlyCount "120"]
[EventDate "2017.11.11"]
[WhiteTeam "SD RADOVLJICA"]
[BlackTeam "SK TRZIN"]

1. d4 Nf6 2. Bf4 d5 3. e3 g6 4. Nc3 Bg7 5. Bd3 c6 6. Nf3 Qb6 7. Rb1 Nh5 8. Bxb8
Rxb8 9. O-O O-O 10. h3 f5 11. Ne2 Qc7 12. c3 e5 13. dxe5 Bxe5 14. Nxe5 Qxe5 15.
c4 Be6 16. Qb3 Rfd8 17. a3 Rd7 18. Rfe1 Rbd8 19. Nd4 Bf7 20. cxd5 Bxd5 21. Bc4
Nf6 22. Ne6 Re8 23. Nf4 Kh8 24. Nxd5 Nxd5 25. Red1 Ree7 26. Rd4 Nb6 27. Rbd1
Rxd4 28. Rxd4 Kg7 29. Rd8 Re8 30. Rxe8 Qxe8 31. Qc3+ Kh6 32. Bb3 Nd5 33. Qd4
Qe4 34. Qh8 Nxe3 35. Qf8+ Kh5 36. g4+ fxg4 37. Qc5+ Nd5 38. hxg4+ Kxg4 39. Bd1+
Kh3 40. Kf1 Qh1+ 41. Ke2 Nf4+ 42. Kd2 Qd5+ 43. Qxd5 Nxd5 44. Bf3 g5 45. Be4 h5
46. b4 a6 47. Bf5+ Kg2 48. Ke2 Nc3+ 49. Ke1 Nb5 50. Be4+ Kg1 51. a4 Nc3 52. Bf5
Nd5 53. b5 axb5 54. axb5 cxb5 55. Be4 Nf4 56. Bxb7 Nd3+ 57. Ke2 Nxf2 58. Kf3 h4
59. Bd5 h3 60. Kg3 h2 0-1

[Event "III. CLANSKA LIGA ZAHOD 2017"]
[Site "Komenda"]
[Date "2017.11.11"]
[Round "2.3"]
[White "Leben, Dusan"]
[Black "Kocevar, Tugomir"]
[Result "1-0"]
[WhiteElo "1858"]
[BlackElo "1876"]
[PlyCount "89"]
[EventDate "2017.11.11"]
[WhiteTeam "SK TRZIN"]
[BlackTeam "SD RADOVLJICA"]

1. e4 d5 2. exd5 Nf6 3. d4 Nxd5 4. Nf3 Bg4 5. Be2 Nc6 6. O-O e6 7. h3 Bh5 8. c4
Nb6 9. c5 Nd5 10. Nc3 Be7 11. Bb5 O-O 12. Bxc6 bxc6 13. g4 Bg6 14. Ne5 Nxc3 15.
bxc3 Bf6 16. Nxg6 hxg6 17. f4 Qd5 18. Qf3 Rab8 19. Qxd5 cxd5 20. Ba3 c6 21.
Rab1 g5 22. fxg5 Bxg5 23. Rb3 Rxb3 24. axb3 Rb8 25. b4 Bd2 26. Rf3 g5 27. Kf1
Kg7 28. Rd3 Bf4 29. Rd1 Kg6 30. Bc1 Bc7 31. Bd2 f5 32. Ra1 Rb7 33. Ra6 Bf4 34.
Bxf4 gxf4 35. Rxc6 fxg4 36. hxg4 Kg5 37. Rxe6 Kxg4 38. Kf2 a5 39. c6 Rh7 40.
Rg6+ Kf5 41. Rg8 a4 42. b5 a3 43. b6 a2 44. Ra8 Ke4 45. c7 1-0

[Event "III. CLANSKA LIGA ZAHOD 2017"]
[Site "Komenda"]
[Date "2017.11.11"]
[Round "2.4"]
[White "Krivec, Metod"]
[Black "Bajec, Borut"]
[Result "1/2-1/2"]
[WhiteElo "1755"]
[BlackElo "1805"]
[PlyCount "64"]
[EventDate "2017.11.11"]
[WhiteTeam "SD RADOVLJICA"]
[BlackTeam "SK TRZIN"]

1. d4 d5 2. c4 c6 3. Nc3 Nf6 4. Nf3 e6 5. Qc2 Be7 6. e3 O-O 7. Bd3 Nbd7 8. O-O
dxc4 9. Bxc4 Qc7 10. a3 e5 11. Rd1 Bd6 12. h3 Nb6 13. Ba2 exd4 14. Rxd4 Qe7 15.
Rd1 Nbd7 16. Ne2 Ne5 17. Ned4 Bd7 18. Nxe5 Bxe5 19. Nf3 Bc7 20. Bd2 Ne4 21. Bb4
c5 22. Be1 Rad8 23. Bd5 Ng5 24. Bxb7 Nxf3+ 25. Bxf3 Qe5 26. g3 Bxh3 27. Rxd8
Rxd8 28. Bc3 Qe6 29. Rd1 Re8 30. Qd3 Bf5 31. Qd5 Bb6 32. Qxe6 Bxe6 1/2-1/2

[Event "III. CLANSKA LIGA ZAHOD 2017"]
[Site "Komenda"]
[Date "2017.11.11"]
[Round "2.5"]
[White "Krupenko, Peter"]
[Black "Torkar, Boris"]
[Result "1/2-1/2"]
[WhiteElo "1631"]
[BlackElo "1812"]
[PlyCount "120"]
[EventDate "2017.11.11"]
[WhiteTeam "SK TRZIN"]
[BlackTeam "SD RADOVLJICA"]

1. c4 c6 2. Nc3 Nf6 3. Nf3 d6 4. d4 Bf5 5. Bg5 Nbd7 6. Qb3 Qc8 7. Nh4 Bg6 8.
Nxg6 hxg6 9. O-O-O b5 10. e3 a5 11. cxb5 a4 12. Qc2 a3 13. b3 e6 14. Be2 d5 15.
bxc6 Qxc6 16. Bxf6 gxf6 17. Kb1 Qb7 18. Rc1 Rc8 19. Qd3 Bb4 20. Qb5 Qxb5 21.
Nxb5 Ke7 22. Rxc8 Rxc8 23. Rc1 Rxc1+ 24. Kxc1 Nb8 25. Kd1 Nc6 26. h4 Na5 27.
Kc2 Be1 28. f4 Bf2 29. Kd3 Nxb3 30. Nxa3 Nc1+ 31. Kd2 Nxa2 32. Nc2 Bxh4 33. Bb5
e5 34. fxe5 fxe5 35. Ba4 exd4 36. Nxd4 Nb4 37. Nc6+ Nxc6 38. Bxc6 Kd6 39. Be8
Ke6 40. Ke2 Be7 41. Kf3 g5 42. g4 f5 43. gxf5+ Kxf5 44. Bd7+ Ke5 45. Bc8 Bc5
46. Bd7 Bb4 47. Bc8 Be7 48. Bg4 Kd6 49. Bc8 Kc5 50. Be6 Kd6 51. Bc8 Kc7 52. Be6
Kc6 53. Bg4 Kd6 54. Bc8 Kc5 55. Be6 Bf6 56. Bf7 Bb2 57. Kg4 Bf6 58. Kf3 Kd6 59.
Bh5 Ke5 60. Bg4 Bd8 1/2-1/2

[Event "III. CLANSKA LIGA ZAHOD 2017"]
[Site "Komenda"]
[Date "2017.11.11"]
[Round "2.6"]
[White "Pretnar, Bostjan"]
[Black "Konvalinka, Kostja"]
[Result "0-1"]
[WhiteElo "1752"]
[BlackElo "1738"]
[PlyCount "59"]
[EventDate "2017.11.11"]
[WhiteTeam "SD RADOVLJICA"]
[BlackTeam "SK TRZIN"]

1. d4 Nf6 2. Nf3 e6 3. e3 d5 4. Bd3 c5 5. b3 cxd4 6. exd4 Nc6 7. a3 Bd6 8. Bb2
O-O 9. O-O Re8 10. Ne5 Qc7 11. Qe2 Qb6 12. Nxc6 bxc6 13. Nd2 a5 14. Rab1 h6 15.
c4 Qc7 16. Nf3 Rb8 17. Qc2 Be7 18. Ne5 Ba6 19. f4 c5 20. Kh1 cxd4 21. Bxd4 Bxa3
22. Rf3 Rec8 23. Rbf1 dxc4 24. Nxc4 Bxc4 25. Bxf6 Bxd3 26. Qxc7 Rxc7 27. Be5
Bxf1 28. Bxc7 Rc8 29. Bxa5 Rc1 30. Rc3 0-1

[Event "III. CLANSKA LIGA ZAHOD 2017"]
[Site "Komenda"]
[Date "2017.11.11"]
[Round "2.1"]
[White "Hrescak, Ivana"]
[Black "Persl, Bojan"]
[Result "1-0"]
[WhiteElo "1923"]
[BlackElo "2062"]
[PlyCount "101"]
[EventDate "2017.11.11"]
[WhiteTeam "SK POSTOJNA"]
[BlackTeam "SK LJUBLJANA DUOL"]

1. d4 Nf6 2. c4 e6 3. Nc3 Bb4 4. e3 c5 5. a3 Bxc3+ 6. bxc3 d6 7. Bd3 Nc6 8. Ne2
e5 9. O-O O-O 10. Ng3 Re8 11. a4 b6 12. f3 Qc7 13. d5 Na5 14. e4 Ba6 15. Bg5
Nd7 16. Qe2 Nf8 17. h4 h6 18. Be3 Ng6 19. Nf5 Nf4 20. Bxf4 exf4 21. Qd2 g6 22.
Nxh6+ Kg7 23. Qxf4 Rh8 24. Nf5+ gxf5 25. Qg5+ Kf8 26. exf5 Rg8 27. Qh6+ Ke8 28.
Rfe1+ Kd7 29. Qf6 Rae8 30. Qxf7+ Kd8 31. Qf6+ Kc8 32. Re6 Ref8 33. Qh6 Qg7 34.
Qxg7 Rxg7 35. Rxd6 Bxc4 36. Be4 Rd7 37. Rxd7 Kxd7 38. g4 Rh8 39. h5 Nb7 40. Kf2
Nd6 41. Kg3 Bb3 42. Kf4 Ke7 43. a5 b5 44. Rh1 Rb8 45. g5 b4 46. cxb4 Rxb4 47.
h6 Rb8 48. h7 Rh8 49. Rh6 Bc4 50. Re6+ Kd7 51. g6 1-0

[Event "III. CLANSKA LIGA ZAHOD 2017"]
[Site "Komenda"]
[Date "2017.11.11"]
[Round "2.2"]
[White "Solmajer, Luka"]
[Black "Hajna, Tadej"]
[Result "1-0"]
[WhiteElo "1997"]
[BlackElo "1931"]
[PlyCount "59"]
[EventDate "2017.11.11"]
[WhiteTeam "SK LJUBLJANA DUOL"]
[BlackTeam "SK POSTOJNA"]

1. d4 d5 2. Nf3 Nf6 3. c4 c6 4. e3 Bg4 5. cxd5 Nxd5 6. Nc3 e6 7. e4 Nf6 8. e5
Nd5 9. Be2 Be7 10. O-O Nd7 11. Ne4 O-O 12. Bd2 Qb6 13. Bc3 Rfd8 14. Qd2 Nxc3
15. Qxc3 Rac8 16. Rad1 Bf5 17. Ng3 Bg6 18. Bc4 Nb8 19. h4 h6 20. h5 Bh7 21. a3
a5 22. Rfe1 Na6 23. Ne4 Nc7 24. Qc1 Nb5 25. Qe3 Bxe4 26. Qxe4 Nxd4 27. Nxd4 Bc5
28. Nxe6 Bxf2+ 29. Kh1 Re8 30. Qg4 1-0

[Event "III. CLANSKA LIGA ZAHOD 2017"]
[Site "Komenda"]
[Date "2017.11.11"]
[Round "2.3"]
[White "Skrbec, Leon"]
[Black "Trussevich, Simon"]
[Result "1/2-1/2"]
[WhiteElo "1618"]
[BlackElo "1734"]
[PlyCount "59"]
[EventDate "2017.11.11"]
[WhiteTeam "SK POSTOJNA"]
[BlackTeam "SK LJUBLJANA DUOL"]

1. d4 d5 2. Nf3 Nf6 3. c4 e6 4. cxd5 exd5 5. Nc3 Be7 6. Bg5 O-O 7. e3 b6 8. Bd3
Bb7 9. O-O Nbd7 10. Qc2 h6 11. Bf4 c5 12. h3 a6 13. a4 Re8 14. Ne5 Rc8 15. Qe2
c4 16. Bf5 Bb4 17. Nxd7 Nxd7 18. Bxh6 Bf8 19. Bf4 g6 20. Bxd7 Qxd7 21. Qf3 Bg7
22. Rfe1 Re6 23. Qg3 Rce8 24. Reb1 b5 25. axb5 axb5 26. b4 Ra6 27. Rxa6 Bxa6
28. Ra1 Qc6 29. Bd6 Ra8 30. Bc5 1/2-1/2

[Event "III. CLANSKA LIGA ZAHOD 2017"]
[Site "Komenda"]
[Date "2017.11.11"]
[Round "2.4"]
[White "Pecnik, Primoz"]
[Black "Jereb, Lana"]
[Result "1-0"]
[WhiteElo "1838"]
[BlackElo "1678"]
[PlyCount "65"]
[EventDate "2017.11.11"]
[WhiteTeam "SK LJUBLJANA DUOL"]
[BlackTeam "SK POSTOJNA"]

1. e4 g6 2. d4 Bg7 3. Nf3 c5 4. Bc4 cxd4 5. Nxd4 Nc6 6. Be3 d6 7. Nc3 Nf6 8. f3
O-O 9. Qd2 Bd7 10. h4 Ne5 11. Bb3 h5 12. Bh6 Rc8 13. Bxg7 Kxg7 14. O-O-O a6 15.
Nd5 Nxd5 16. Bxd5 Qb6 17. f4 Nc6 18. Nxc6 bxc6 19. Bb3 Qc5 20. f5 Qe5 21. g4
Qxe4 22. fxg6 Bxg4 23. Rde1 Qxg6 24. Rxe7 Qf6 25. Qe1 Qf4+ 26. Kb1 d5 27. Rf1
Qd4 28. c3 Qd3+ 29. Bc2 Qh3 30. Qe5+ Kg8 31. Qg5+ Kh8 32. Qh6+ Kg8 33. Qh7# 1-0

[Event "III. CLANSKA LIGA ZAHOD 2017"]
[Site "Komenda"]
[Date "2017.11.11"]
[Round "2.5"]
[White "Kaluza, Dominik"]
[Black "Jersic, Aleks"]
[Result "0-1"]
[WhiteElo "1390"]
[BlackElo "1666"]
[PlyCount "100"]
[EventDate "2017.11.11"]
[WhiteTeam "SK POSTOJNA"]
[BlackTeam "SK LJUBLJANA DUOL"]

1. d4 Nf6 2. Nf3 c5 3. c3 cxd4 4. cxd4 d5 5. Bf4 Nc6 6. e3 e6 7. Nbd2 Bd6 8.
Bg3 O-O 9. Bd3 Bxg3 10. hxg3 Bd7 11. Qc2 g6 12. O-O Nb4 13. Qb3 Qa5 14. a3 Nxd3
15. Qxd3 Bb5 16. Qb3 Bxf1 17. Rxf1 Qb6 18. Qa2 Rac8 19. b4 Qc6 20. Qb1 Qc2 21.
Qa1 Rc3 22. Rd1 Rfc8 23. Kh2 Qa4 24. Re1 Qxa3 25. Qb1 Rc1 26. Rxc1 Rxc1 27. Qb3
Qxb3 28. Nxb3 Rb1 29. Nfd2 Rb2 30. f3 Nd7 31. g4 Nb6 32. Kg3 Nc4 33. Nxc4 dxc4
34. Nc5 c3 35. e4 c2 36. Nd3 Rb1 37. d5 c1=Q 38. Nxc1 Rxc1 39. dxe6 fxe6 40.
Kf4 Rb1 41. b5 Rxb5 42. g5 a5 43. g4 a4 44. Kg3 a3 45. f4 a2 46. f5 a1=Q 47.
fxe6 Qe5+ 48. Kf3 Rb3+ 49. Kf2 Qh2+ 50. Ke1 Rb1# 0-1

[Event "III. CLANSKA LIGA ZAHOD 2017"]
[Site "Komenda"]
[Date "2017.11.11"]
[Round "2.6"]
[White "Selih, Mario Carlos"]
[Black "Hvala, Inja Ajda"]
[Result "1-0"]
[WhiteElo "1736"]
[BlackElo "1173"]
[PlyCount "87"]
[EventDate "2017.11.11"]
[WhiteTeam "SK LJUBLJANA DUOL"]
[BlackTeam "SK POSTOJNA"]

1. e4 c6 2. d4 d5 3. Nc3 dxe4 4. Nxe4 Bf5 5. Ng3 Bg6 6. Nf3 Nf6 7. Bd3 e6 8.
O-O Bd6 9. Re1 Nbd7 10. c3 Bxd3 11. Qxd3 Bxg3 12. hxg3 O-O 13. Bf4 c5 14. dxc5
Nxc5 15. Qc2 Qd3 16. Qe2 Qxe2 17. Rxe2 h6 18. Rd2 Rad8 19. Rad1 Rxd2 20. Rxd2
Nd5 21. c4 Nxf4 22. gxf4 Re8 23. b4 Ne4 24. Rd4 Nf6 25. Ne5 Kf8 26. Kf1 Ke7 27.
Ke2 Rc8 28. a4 Rc7 29. Ke3 Nd7 30. Rxd7+ Rxd7 31. Nxd7 Kxd7 32. Kd4 Kd6 33. c5+
Kd7 34. Kc4 g5 35. fxg5 hxg5 36. Kb5 f5 37. a5 Kc7 38. a6 b6 39. cxb6+ axb6 40.
a7 Kb7 41. a8=Q+ Kxa8 42. Kxb6 Kb8 43. Kc6 e5 44. Kd5 1-0

[Event "III. CLANSKA LIGA ZAHOD 2017"]
[Site "Komenda"]
[Date "2017.11.12"]
[Round "3.1"]
[White "Anakiev, Dimitar"]
[Black "Hrescak, Ivana"]
[Result "1-0"]
[WhiteElo "1999"]
[BlackElo "1923"]
[PlyCount "73"]
[EventDate "2017.11.12"]
[WhiteTeam "SD RADOVLJICA"]
[BlackTeam "SK POSTOJNA"]

1. d4 Nf6 2. Nf3 g6 3. e3 Bg7 4. Be2 c5 5. O-O O-O 6. b3 b6 7. Bb2 Bb7 8. c4 d6
9. Nbd2 Nbd7 10. Qc2 Qc7 11. Rad1 Rad8 12. Qb1 Rfe8 13. d5 b5 14. e4 bxc4 15.
Nxc4 Nh5 16. Bxg7 Nxg7 17. Rfe1 a5 18. Qc1 a4 19. bxa4 Ra8 20. Qh6 Rxa4 21. Ng5
Nf8 22. Rd3 Rxc4 23. Rh3 Qa5 24. Rf1 Rc3 25. Rh4 e5 26. Nxh7 Nxh7 27. Qxh7+ Kf8
28. Qh8+ Ke7 29. Qxg7 Rc2 30. Rh7 Rf8 31. Bg4 Ba6 32. Qxg6 Qb5 33. Qe6+ Kd8 34.
Qxd6+ Ke8 35. Qxe5+ Kd8 36. Rd1 Rd2 37. Qg5+ 1-0

[Event "III. CLANSKA LIGA ZAHOD 2017"]
[Site "Komenda"]
[Date "2017.11.12"]
[Round "3.2"]
[White "Skrbec, Leon"]
[Black "Prestrl, Jozef"]
[Result "0-1"]
[WhiteElo "1618"]
[BlackElo "1892"]
[PlyCount "84"]
[EventDate "2017.11.12"]
[WhiteTeam "SK POSTOJNA"]
[BlackTeam "SD RADOVLJICA"]

1. d4 d5 2. c4 c6 3. cxd5 cxd5 4. Nc3 Nf6 5. Bf4 a6 6. e3 Nc6 7. Bd3 g6 8. Nge2
Bg7 9. O-O O-O 10. Rc1 e6 11. Na4 Nh5 12. Nc5 Nxf4 13. Nxf4 Qd6 14. Ne2 b6 15.
Na4 Na5 16. a3 Bd7 17. b4 Nc4 18. Bxc4 dxc4 19. Nb2 b5 20. Qc2 Bc6 21. Rfd1 Bh6
22. Nc3 Rfd8 23. Ra1 Bb7 24. Ne4 Qe7 25. Nc5 e5 26. d5 Rxd5 27. Rxd5 Bxd5 28.
Rd1 Bc6 29. e4 Qc7 30. Qe2 Bf8 31. Qe3 a5 32. f3 axb4 33. axb4 Ra2 34. Rb1 Ba8
35. Nd1 Qa7 36. Nc3 Ra1 37. Qf2 Rxb1+ 38. Nxb1 Qa1 39. Qc2 Qd4+ 40. Qf2 Bxc5
41. bxc5 b4 42. Kf1 Qd3+ 0-1

[Event "III. CLANSKA LIGA ZAHOD 2017"]
[Site "Komenda"]
[Date "2017.11.12"]
[Round "3.3"]
[White "Buha, Drago"]
[Black "Jereb, Lana"]
[Result "1/2-1/2"]
[WhiteElo "1958"]
[BlackElo "1678"]
[PlyCount "112"]
[EventDate "2017.11.12"]
[WhiteTeam "SD RADOVLJICA"]
[BlackTeam "SK POSTOJNA"]

1. d4 d5 2. Bf4 Bf5 3. Nc3 Nf6 4. e3 c6 5. Nf3 e6 6. a3 Nbd7 7. Bd3 Ne4 8. Ne2
Ndf6 9. Ng3 Bg6 10. O-O Be7 11. Ne5 O-O 12. f3 Nxg3 13. Bxg3 c5 14. c3 Rc8 15.
Rc1 Qb6 16. Rb1 Rfd8 17. Bh4 Qd6 18. Bg3 Qb6 19. Qe2 Nd7 20. f4 f5 21. Nf3 Bh5
22. Qe1 Nf6 23. Bh4 Qd6 24. Rd1 Ne4 25. Be2 c4 26. Bxe7 Qxe7 27. Ne5 Bxe2 28.
Qxe2 Qh4 29. Rf3 Rc7 30. Rh3 Qf6 31. g4 g6 32. g5 Qg7 33. Rf1 Kf8 34. Rh6 Ke7
35. Rf3 Rh8 36. Rfh3 Rcc8 37. Qg2 Nd6 38. R3h4 Nf7 39. Nxf7 Kxf7 40. Qc2 b5 41.
b3 Kg8 42. b4 Qd7 43. Rh3 Ra8 44. Rf3 a5 45. h4 axb4 46. axb4 Ra1+ 47. Kg2 Qa7
48. Rf2 Qa3 49. Qb2 Qxb2 50. Rxb2 Kg7 51. h5 Rha8 52. hxg6 hxg6 53. Kf3 R8a2
54. Rhh2 Rxb2 55. Rxb2 Ra3 56. Rc2 Kf7 1/2-1/2

[Event "III. CLANSKA LIGA ZAHOD 2017"]
[Site "Komenda"]
[Date "2017.11.12"]
[Round "3.4"]
[White "Kaluza, Dominik"]
[Black "Krivec, Metod"]
[Result "0-1"]
[WhiteElo "1390"]
[BlackElo "1755"]
[PlyCount "116"]
[EventDate "2017.11.12"]
[WhiteTeam "SK POSTOJNA"]
[BlackTeam "SD RADOVLJICA"]

1. d4 g6 2. Nf3 Bg7 3. Bf4 d6 4. Nc3 Nc6 5. e3 Nf6 6. Bb5 Bd7 7. Qe2 O-O 8. Nd2
Re8 9. Nde4 a6 10. Bd3 Nb4 11. Nxf6+ exf6 12. h4 f5 13. Qf3 Bc6 14. Qh3 Nxd3+
15. cxd3 Bxd4 16. Qg3 h5 17. Kd2 Be5 18. f3 Kg7 19. Bxe5+ dxe5 20. e4 f4 21.
Qf2 Qd6 22. Rag1 Rad8 23. Qe2 Re7 24. g4 hxg4 25. fxg4 Red7 26. Rh3 Ra8 27. h5
g5 28. Rgh1 Kh6 29. Qd1 Qd4 30. Qe2 Rad8 31. Qf1 Bxe4 32. Nxe4 Qxe4 33. Kc2
Qc6+ 34. Kb1 e4 35. dxe4 Qxe4+ 36. Kc1 Rd1+ 37. Qxd1 Rxd1+ 38. Kxd1 Qb1+ 39.
Kd2 Qxb2+ 40. Kd3 Qxa2 41. Rc1 Qd5+ 42. Kc3 Qc6+ 43. Kb2 Qg2+ 44. Kb1 Qxh3 45.
Rxc7 Qb3+ 46. Kc1 f3 47. Rc2 a5 48. Rb2 Qxb2+ 49. Kxb2 f2 50. Kc3 f1=Q 51. Kd4
Qb5 52. Ke4 a4 53. Kd4 a3 54. Ke4 a2 55. Ke3 a1=Q 56. Kd2 Qa3 57. Kc2 Qbb2+ 58.
Kd1 Qaa1# 0-1

[Event "III. CLANSKA LIGA ZAHOD 2017"]
[Site "Komenda"]
[Date "2017.11.12"]
[Round "3.5"]
[White "Torkar, Boris"]
[Black "Hvala, Inja Ajda"]
[Result "1-0"]
[WhiteElo "1812"]
[BlackElo "1173"]
[PlyCount "55"]
[EventDate "2017.11.12"]
[WhiteTeam "SD RADOVLJICA"]
[BlackTeam "SK POSTOJNA"]

1. d4 d5 2. c4 c6 3. e3 Bf5 4. Nf3 Nf6 5. Be2 e6 6. O-O Bd6 7. Nc3 Nbd7 8. b3
O-O 9. Bb2 Re8 10. h3 Ne4 11. Nxe4 Bxe4 12. Bd3 Nf6 13. Rc1 Rc8 14. Ng5 Bxd3
15. Qxd3 h6 16. Nf3 Ne4 17. Nd2 Nxd2 18. Qxd2 dxc4 19. Rxc4 e5 20. Qe2 Qa5 21.
Ra4 Qb6 22. Qg4 a6 23. dxe5 Bf8 24. Rd1 Rcd8 25. Rad4 g6 26. e6 Bg7 27. exf7+
Kxf7 28. Rd7+ 1-0

[Event "III. CLANSKA LIGA ZAHOD 2017"]
[Site "Komenda"]
[Date "2017.11.12"]
[Round "3.6"]
[White "Hrescak, Boris"]
[Black "Pretnar, Bostjan"]
[Result "0-1"]
[WhiteElo "1615"]
[BlackElo "1752"]
[PlyCount "96"]
[EventDate "2017.11.12"]
[WhiteTeam "SK POSTOJNA"]
[BlackTeam "SD RADOVLJICA"]

1. e4 Nf6 2. Nc3 d5 3. e5 Nfd7 4. f4 e6 5. d4 c5 6. Nf3 Nc6 7. Be3 Be7 8. Bb5
a6 9. Bxc6 bxc6 10. O-O cxd4 11. Nxd4 c5 12. Nc6 Qb6 13. Nxe7 Kxe7 14. Bc1 f5
15. Qxd5 exd5 16. Nxd5+ Ke6 17. Nxb6 Nxb6 18. Rd1 Ke7 19. Be3 Nd7 20. Rd6 a5
21. Rad1 Ra6 22. c4 Rxd6 23. Rxd6 Bb7 24. h4 Rc8 25. Kf2 Rc6 26. Rd2 h6 27. h5
g6 28. Rd6 gxh5 29. Rxc6 Bxc6 30. Kg3 Be4 31. Bd2 a4 32. a3 Ke6 33. Be3 Nb6 34.
Bxc5 Nxc4 35. Bd4 Kd5 36. Bc3 Ne3 37. e6 Kxe6 38. Be5 Nxg2 39. Kh3 Kf7 40. Kg3
Kg6 41. Kh3 h4 42. Bd6 Kh5 43. Bc7 Ne1 44. Ba5 Nd3 45. Bd2 Nxb2 46. Bb4 Nd3 47.
Bd6 Nf2+ 48. Kh2 Kg4 0-1

[Event "III. CLANSKA LIGA ZAHOD 2017"]
[Site "Komenda"]
[Date "2017.11.12"]
[Round "3.1"]
[White "Rodman, Franc"]
[Black "Rojs, Igor"]
[Result "1/2-1/2"]
[WhiteElo "2062"]
[BlackElo "1998"]
[PlyCount "40"]
[EventDate "2017.11.12"]
[WhiteTeam "SD SIJ ACRONI JESENICE"]
[BlackTeam "SK TRZIN"]

1. d4 Nf6 2. Nf3 d5 3. c4 c6 4. g3 g6 5. Qb3 Bg7 6. Nc3 e6 7. Bg2 Nbd7 8. O-O
O-O 9. Bf4 Qb6 10. Rfd1 Re8 11. e3 Bf8 12. Qc2 Nh5 13. Bg5 f5 14. Bf4 Nhf6 15.
Ne5 Ne4 16. Nxe4 fxe4 17. c5 Qd8 18. Nxd7 Qxd7 19. Be5 Bg7 20. Bxg7 Qxg7
1/2-1/2

[Event "III. CLANSKA LIGA ZAHOD 2017"]
[Site "Komenda"]
[Date "2017.11.12"]
[Round "3.2"]
[White "Leben, Dusan"]
[Black "Jeraj, Zlatko"]
[Result "0-1"]
[WhiteElo "1858"]
[BlackElo "2027"]
[PlyCount "70"]
[EventDate "2017.11.12"]
[WhiteTeam "SK TRZIN"]
[BlackTeam "SD SIJ ACRONI JESENICE"]

1. e4 e5 2. Nf3 Nc6 3. Bb5 a6 4. Bxc6 dxc6 5. O-O Bg4 6. h3 Bxf3 7. Qxf3 Ne7 8.
Qb3 b6 9. d3 Ng6 10. Be3 Bd6 11. Qc3 Qd7 12. Nd2 b5 13. Nf3 O-O 14. Rad1 Rae8
15. b3 a5 16. a4 Bb4 17. Qa1 bxa4 18. Qxa4 f5 19. exf5 Rxf5 20. Ng5 h6 21. Ne4
Nf4 22. Kh2 Rh5 23. Bxf4 exf4 24. f3 Re6 25. c3 Bf8 26. Qc4 Kh7 27. Rd2 Rg6 28.
Rff2 Be7 29. Rfe2 Rxg2+ 30. Rxg2 Qxh3+ 31. Kg1 Qh1+ 32. Kf2 Bh4+ 33. Ng3 Bxg3+
34. Rxg3 Rh2+ 35. Rg2 Rxg2# 0-1

[Event "III. CLANSKA LIGA ZAHOD 2017"]
[Site "Komenda"]
[Date "2017.11.12"]
[Round "3.3"]
[White "Pazlar, Marko"]
[Black "Bajec, Borut"]
[Result "1-0"]
[WhiteElo "2069"]
[BlackElo "1805"]
[PlyCount "107"]
[EventDate "2017.11.12"]
[WhiteTeam "SD SIJ ACRONI JESENICE"]
[BlackTeam "SK TRZIN"]

1. Nf3 d5 2. d4 Nf6 3. g3 e6 4. Bg2 Bd6 5. c4 Bb4+ 6. Bd2 Bxd2+ 7. Qxd2 O-O 8.
O-O Ne4 9. Qc2 Nd7 10. Ne5 f6 11. Nxd7 Bxd7 12. cxd5 exd5 13. Qb3 Kh8 14. Qxd5
Ng5 15. h4 c6 16. Qb3 Nf7 17. Qxb7 Rb8 18. Qxa7 Rxb2 19. Nc3 Nd6 20. a4 Nc4 21.
Rab1 Rc2 22. Rfc1 Rd2 23. e3 Bf5 24. Rb7 Qd6 25. Qc5 Qxc5 26. dxc5 Na5 27. Rb6
Rc8 28. Ne4 Bxe4 29. Bxe4 g6 30. Ra6 f5 31. Bf3 Nb3 32. Rc3 Rb2 33. Bxc6 Kg7
34. Rb6 Rb1+ 35. Kg2 Nd2 36. Rxb1 Nxb1 37. Rc1 Rxc6 38. Rxb1 Rxc5 39. Ra1 Ra5
40. Kf3 Kf6 41. e4 h5 42. Ke3 g5 43. exf5 Kxf5 44. hxg5 Kxg5 45. f3 h4 46.
gxh4+ Kxh4 47. Kd4 Kg3 48. Ra3 Kf4 49. Kc4 Ke5 50. Kb4 Ra8 51. a5 Kd5 52. a6
Kc6 53. a7 Kb6 54. f4 1-0

[Event "III. CLANSKA LIGA ZAHOD 2017"]
[Site "Komenda"]
[Date "2017.11.12"]
[Round "3.4"]
[White "Borstnik, Ales"]
[Black "Pavlin, Ivan"]
[Result "1/2-1/2"]
[WhiteElo "1786"]
[BlackElo "1833"]
[PlyCount "107"]
[EventDate "2017.11.12"]
[WhiteTeam "SK TRZIN"]
[BlackTeam "SD SIJ ACRONI JESENICE"]

1. e4 c5 2. Nf3 e6 3. d4 cxd4 4. Nxd4 Nf6 5. Nc3 d6 6. Be3 Be7 7. Be2 a6 8. Qd2
b5 9. a3 Bb7 10. f3 Nc6 11. O-O O-O 12. Rad1 Qc7 13. Qe1 Nxd4 14. Bxd4 e5 15.
Be3 Rad8 16. Qf2 Qb8 17. Bd3 Qa8 18. Qg3 Kh8 19. Qh3 g6 20. Rd2 d5 21. Bg5 Qc8
22. Qh4 Qe6 23. Rdf2 Ng8 24. exd5 Bxd5 25. Re2 Bxg5 26. Qxg5 f6 27. Qh4 Kg7 28.
f4 Qb6+ 29. Kh1 exf4 30. Nxd5 Rxd5 31. Qxf4 Qd6 32. Qxd6 Rxd6 33. g3 f5 34.
Rfe1 Nf6 35. Re6 Rfd8 36. Kg2 Ng8 37. Kf3 Kf7 38. R6e5 Rd5 39. Re6 R5d6 40.
R6e5 Rd5 41. R5e3 R5d6 42. R1e2 Kg7 43. Re6 Kf7 44. R6e5 Kg7 45. Rc5 Kf7 46. a4
bxa4 47. Rc7+ R8d7 48. Rxd7+ Rxd7 49. Bxa6 Ra7 50. Bc4+ Kg7 51. Re3 Rc7 52. Bd3
Nf6 53. Re5 Ra7 54. Rb5 1/2-1/2

[Event "III. CLANSKA LIGA ZAHOD 2017"]
[Site "Komenda"]
[Date "2017.11.12"]
[Round "3.5"]
[White "Ravnik, Franc"]
[Black "Grum, Andrej"]
[Result "1-0"]
[WhiteElo "1886"]
[BlackElo "1781"]
[PlyCount "89"]
[EventDate "2017.11.12"]
[WhiteTeam "SD SIJ ACRONI JESENICE"]
[BlackTeam "SK TRZIN"]

1. e4 c5 2. Nf3 a6 3. d4 cxd4 4. Nxd4 Nf6 5. Nc3 e5 6. Nf5 d5 7. Ng3 d4 8. Nce2
Qb6 9. h3 Be6 10. f4 Nc6 11. fxe5 Qa5+ 12. Qd2 Qxe5 13. Qf4 Qc5 14. Qd2 Bd6 15.
a3 Rd8 16. b4 Qb6 17. Nf4 O-O 18. Rb1 Rfe8 19. Bd3 a5 20. b5 Ne5 21. O-O Ng6
22. Nxe6 Rxe6 23. Nf5 Nxe4 24. Bxe4 Rxe4 25. Qd3 Rde8 26. a4 Bf4 27. Ba3 Be3+
28. Kh1 R4e6 29. Qc4 Qd8 30. Nd6 R8e7 31. Nxf7 Qc7 32. Qb3 Ne5 33. Nxe5 Qxe5
34. Bxe7 h6 35. Rf8+ Kh7 36. Qd3+ Rg6 37. Ba3 Qg3 38. Qe2 Bf4 39. Rxf4 Qxf4 40.
Rf1 Qc7 41. Rf3 Qc8 42. Qd3 Qe6 43. Bb2 Qe1+ 44. Kh2 Kg8 45. Qxg6 1-0

[Event "III. CLANSKA LIGA ZAHOD 2017"]
[Site "Komenda"]
[Date "2017.11.12"]
[Round "3.6"]
[White "Krupenko, Peter"]
[Black "Halilov, Esad"]
[Result "1-0"]
[WhiteElo "1631"]
[BlackElo "1854"]
[PlyCount "81"]
[EventDate "2017.11.12"]
[WhiteTeam "SK TRZIN"]
[BlackTeam "SD SIJ ACRONI JESENICE"]

1. c4 c5 2. Nf3 Nc6 3. Nc3 e6 4. d4 cxd4 5. Nxd4 Nxd4 6. Qxd4 Nf6 7. g3 d5 8.
cxd5 exd5 9. Bg2 Be6 10. O-O Qd7 11. Rd1 Rd8 12. Qxa7 Bd6 13. Bg5 Be7 14. Bxf6
Bxf6 15. Nxd5 Bxd5 16. Rxd5 Qe7 17. Rxd8+ Qxd8 18. Qxb7 O-O 19. Bd5 Qd6 20. Rc1
Rd8 21. Bxf7+ Kh8 22. Bb3 Rf8 23. Qd5 Qe7 24. Qc5 Qe8 25. Ba4 Qf7 26. Bb3 Qe8
27. Qc2 Bd4 28. e3 Bf6 29. Rd1 h5 30. Bd5 h4 31. b3 h3 32. Qe4 Qh5 33. Qf3 Qh6
34. Qg4 Bg5 35. f4 Qb6 36. Qxg5 Qxe3+ 37. Kh1 Rf6 38. Qh4+ Rh6 39. Qd8+ Kh7 40.
Bg8+ Kg6 41. Qg5# 1-0